1248 1718 1952 1550 1680 1860 1747 1799 1598 1469 1779 1832 1841 1534 1626 1821 1507 1881 1871 1446 1452 1133 1296 1032 1807 1040 1711 1231 1420 1090 1567 1921 1450 1534 1231 1872 1285 1882 1938 1477 1415 1328 1389 1679 1325 1856 1681 1967 1578 1452 1480 1492 1330 1348 1288 1010 1342 1830 1899 1541 1278 1116 1173 1091 1583 1560 1868 1830 1426 1465 1002 1418 1815 1075 1757 1938 1012 1995 1136 1938 1630 1784 1550 1696 1791 1691 1637 1136 1356 1165 1828 1148 1157 1027 1229 1014 1463 1356 1411 BCNSPRNW ULIB Ver.6.0+V

เปลี่ยนเป็นภาษาไทย

Change to English
 แสดงรายละเอียดบรรณานุกรม
  กลับหน้าหลัก

Brief Record : Get Marc (ISO 2709) : E-mail record : QR code < ปิดหน้าต่าง
LEADER : 00000nam 2200000uu 4500
001    13399124162
003     ULIB
008    150122s2556||||th 000 0 tha d
020    ^a9786163482594
060 04 ^aWF200^bส453ย
100 0  ^aสมชาย สวัสดี
245 10 ^aยาแอโรโซลและระบบหายใจ/^cสมชาย สวัสดี และ ธีระพล ศรีชนะ
250    ^aพิมพ์ครั้งที่ 1.
260    ^aสงขลา :^bพีซี โปรสเปค^c2556
300    ^a204 หน้า :^bภาพประกอบ ;^c30 ซม
504    ^aมีบรรณานุกรมและดัชนี
650  7 ^aยารักษาโรคระบบหายใจ
650  7 ^aระบบหายใจ, โรค^xการรักษาด้วยยา
650  7 ^aยาแอโรโซล
700 0  ^aธีระพล ศรีชนะ
710 2  ^aมหาวิทยาลัยสงขลานครินทร์
945    ^p200^l0^i038742
945    ^p200^l0^i038743
945    ^p200^l0^i038744
945    ^p200^l0^i038745
945    ^p200^l0^i038746
999    ^aเกษร โพธิ์สุวรรณ
รายการนี้ยังไม่มีแท็ก
คุณยังไม่ได้ล็อกอิน คุณสามารถมีกิจกรรมร่วมกับเว็บไซต์ได้ แต่ต้องล็อกอินก่อน ::
  ล็อกอิน

รายการสื่อสารสนเทศ

ลำดับที่ ประเภท เลขเรียก/บาร์โค้ด สถานที่ สถานะ
1. การศึกษาทั่วไป
หนังสือสำรอง
สถานะ=หนังสือสำรอง
WF200 ส453ย ฉ.1 
  Barcode: 038742
ห้องสมุดวิทยาเขตสวรรค์ประชารักษ์
►ส่วนจัดเก็บหนังสือเก่า สปร
บนชั้น
  ขอยืม
2. การศึกษาทั่วไป
การศึกษาทั่วไป
WF200 ส453ย ฉ.2 
  Barcode: 038743
ห้องสมุดวิทยาเขตสวรรค์ประชารักษ์
►ส่วนจัดเก็บหนังสือเก่า สปร
บนชั้น
  ขอยืม
3. การศึกษาทั่วไป
การศึกษาทั่วไป
WF200 ส453ย ฉ.3 
  Barcode: 038744
ห้องสมุดวิทยาเขตสวรรค์ประชารักษ์
►ส่วนจัดเก็บหนังสือเก่า สปร
บนชั้น
  ขอยืม
4. การศึกษาทั่วไป
การศึกษาทั่วไป
WF200 ส453ย ฉ.4 
  Barcode: 038745
ห้องสมุดวิทยาเขตสวรรค์ประชารักษ์
►ส่วนจัดเก็บหนังสือเก่า สปร
บนชั้น
  ขอยืม
5. การศึกษาทั่วไป
การศึกษาทั่วไป
WF200 ส453ย ฉ.5 
  Barcode: 038746
ห้องสมุดวิทยาเขตสวรรค์ประชารักษ์
►ส่วนจัดเก็บหนังสือเก่า สปร
บนชั้น
  ขอยืม

รายการใกล้เคียง
    ผู้แต่ง [สมชาย สวัสดี]

    หัวเรื่อง [ยารักษาโรคระบบหายใจ]
    หัวเรื่อง [ยาแอโรโซล]

BibComment


ยังไม่เคยถูกคอมเมนท์

คอมเมนท์ทรัพยากรรายการนี้
  คอมเมนท์: ยาแอโรโซลและระบบ..


 Copyright 2026. Bcnsprnw @Library